Art and politics

Αποθηκεύτηκε σε:
Λεπτομέρειες βιβλιογραφικής εγγραφής
Κύριος συγγραφέας: Wagner, Richard, 1813-1883
Άλλοι συγγραφείς: Ellis, William Ashton d. 1919 (Μεταφραστής)
Μορφή: Βιβλίο
Γλώσσα:English
German
Δημοσίευση: Lincoln : University of Nebraska Press, 1995, 1895
Θέματα:
Ετικέτες: Προσθήκη ετικέτας
Δεν υπάρχουν, Καταχωρήστε ετικέτα πρώτοι!

MARC

LEADER 00000nam a2200000 i 4500
001 1/92001
008 080818r19951895 eng d
020 |a 978-0-8032-9774-6 
020 |a 0-8032-9774-2 
035 |l 10099438 
040 |a GR-MY-UA  |b gre  |e aacr 
041 0 |a eng  |h ger 
082 0 |a 780  |2 (22) 
100 1 |a Wagner, Richard,   |d 1813-1883. 
245 1 0 |a Art and politics /  |c Richard Wagner ; translated by William Ashton Ellis 
260 |a Lincoln :   |b University of Nebraska Press,   |c 1995, 1895 
300 |a xx, 415 σ.;  |b μουσ.;  |c 21 εκ. 
500 |a Περιέχει περίληψη 
500 |a Ανατυπώθηκε απο την μετάφραση του 1895 του τόμου 4 (Art and politics)του Richard Wagner's Prose Works, που δημοσιεύτηκε στο Kegal Paul, Trench, Trubner & Co., Ltd., London 
504 |a Περιέχει ευρετήριο 
650 0 0 |a Art and state  |z Germany. 
650 0 0 |a Music  |z Germany  |y 19th century  |x History and criticism. 
700 1 |a Ellis, William Ashton  |d d. 1919.  |4 trl 
852 |a INST  |b LESVOS  |e 20080818  |h 780 WAG  |p 005100042154  |q 005100042154  |t BK  |y 0 
901 |a BIBL1-2008-2 
909 |a Λ  |b 145216 
922 |a 1ΕΛΗ  |b 200801  |c ΕΠΕΑΕΚ2/ΤΚΑ  |d ΕΛΕΥΘΕΡΟΥΔΑΚΗΣ 
970 |a ΓΙΑΛΑΜΑ  |b ΜΑΡΙΑ  |z 2008/08/18